| 000 | 00460cam a2200181ua 4500 | ||
|---|---|---|---|
| 020 |
_a33390-340-4 _c23.50 |
||
| 041 |
_aeng _h |
||
| 082 |
_a541.3 _bKAP/TE |
||
| 100 | _aKapoor, K L . | ||
| 245 |
_aText book of physical chemistry, Vol 2 / _cK L Kapoor. _hTextual Documents |
||
| 250 |
_a1 / _b. |
||
| 260 |
_aChennai : _bMcMillan and company , _c1981. |
||
| 300 | _a405 ; . | ||
| 365 | _a23.50 | ||
| 504 | _a | ||
| 942 | _cBK | ||
| 999 |
_c9565 _d9565 |
||